000 00944cam a2200181 i 4500
040 _cDLC
082 0 0 _a381 SOL 1977 A069 Or.
245 1 0 _aCritical issues on food marketing systems in developing countries :
_breport of the OECD/FAO joint seminar, Paris, 18-22 October, 1976.
260 _aParis :
_bDevelopment Centre of the Organisation for Economic Co-operation and Development in co-operation with the Food and Agriculture Organisation of the United Nations ;
_a[Washington, D. C. :
_bsold by OECD Publications Center],
_c1977.
300 _a97 p. ;
_c24 cm.
500 _a"Reports on agricultural marketing meetings issued since 1959 by the Marketing and Credit Service of FAO": p. 95-97.
650 0 _aFood industry and trade
650 0 _aFood supply
650 0 _aFarm produce
710 2 _aOrganisation for Economic Co-operation and Development.
710 2 _aFood and Agriculture Organization of the United Nations.
942 _cEK
999 _c14608
_d14608